• 首页
  • 本馆介绍
  • 公告通知
  • 最新文献
  • 馆藏检索
  • 电子资源
  • 读者导购
  • 参考咨询
  • 我的图书馆
  • 登录
  • 详细信息显示
  • 放入我的书架
  • 预约/预借图书
  • 作者相关作品
  • 分类相关作品
  • 丛书相关作品
  • 出版社相关作品

书目信息

  • 表格格式
  • 工作单格式
  • 卡片格式
题名:
色谱在药物分析中的应用
    
 
作者: 田颂九 , 胡昌勤 , 马双成 编著
分册:  
出版信息: 北京   化学工业出版社  2006
页数: 320页
开本: 24cm
丛书名: 色谱技术丛书
单 册:
中图分类: TQ460.7
科图分类:
主题词: 色谱法--应用--药物分析 , 色谱法 , 药物分析
电子资源:
ISBN: 7-5025-7985-0
000 01099oam2 2200313 450
001 012007780819
005 20070716152821.12
010    @a7-5025-7985-0@dCNY39.00
100    @a20070714d2006 km y0chiy0120 ea
101 0  @achi
102    @aCN@b110000
105    @ay z 000yy
106    @ar
200 1  @a色谱在药物分析中的应用@Ase pu zai yao wu fen xi zhong de ying yong@f田颂九,胡昌勤,马双成等编著@Ftian song jiu,hu chang qin,ma shuang cheng deng bian zhu
205    @a2版
210    @a北京@c化学工业出版社@d2006
215    @a320页@d24cm
225 2  @a色谱技术丛书
330    @a本书介绍了药品质量的分析现状与进展及色谱基础知识;并论述了色谱技术在中药、化学药、抗生素和生化药品中的应用,内容涉及药品前处理技术、手性药物拆分、体内药物分析以及联机技术等。
461  0 @12001 @a色谱技术丛书
606 0  @a色谱法@x应用@x药物分析
606 0  @a色谱法
606 0  @a药物分析
690    @aTQ460.7@v4
701  0 @a田颂九@Atian song jiu@4编著
701  0 @a胡昌勤@Ahu chang qin@4编著
701  0 @a马双成@Ama shuang cheng@4编著
801  0 @aCN@bRULIN@c20070716
905    @dTQ460.7@e30@s4
    
    色谱在药物分析中的应用/田颂九,胡昌勤,马双成等编著.-2版.-北京:化学工业出版社,2006
    320页;24cm.-(色谱技术丛书)
    
    
    ISBN 7-5025-7985-0:CNY39.00
    本书介绍了药品质量的分析现状与进展及色谱基础知识;并论述了色谱技术在中药、化学药、抗生素和生化药品中的应用,内容涉及药品前处理技术、手性药物拆分、体内药物分析以及联机技术等。
●
相关链接 在E读中查询图书 在五车中查询图书 在当当中查询图书 在豆瓣中查询图书


正题名:色谱在药物分析中的应用     索取号:TQ460.7/30         预约/预借

序号 登录号 条形码 馆藏地/架位号 状态 备注
1 0583514   205835140   第二样本阅览室/ [索取号:TQ460.7/30] 在馆    
2 0583515   205835159   第三借阅区/ [索取号:TQ460.7/30] 在馆    
3 0583516   205835168   第三借阅区/ [索取号:TQ460.7/30] 在馆    
4 0583517   205835177   第三借阅区/ [索取号:TQ460.7/30] 在馆    
唐山师范学院图书馆 欢迎您!
大连网信软件有限公司© 版权所有